00395nam a22001217a 450000500170000002000230001703500330004003700130007310000210008624500960010726000450020330000250024820180806171357.0 a0195672011c595.00 aB-163256, b-163255, B-163258 aDPLbENG aSubedi, Surya P. aDynamics of foreign policy and law :bA study of Indo-Nepal relations /cby Surya P. Subedi aNew DelhibOxford University Pressc2006 axiii, 274p.c20 cms.